[Event "SportAccord Rapid Women 2012"]
[Site "Beijing CHN"]
[Date "2012.12.15"]
[Round "7.3"]
[White "Muzychuk, Anna"]
[Black "Socko, Monika"]
[Result "1-0"]
[WhiteTitle "GM"]
[BlackTitle "GM"]
[WhiteElo "2586"]
[BlackElo "2445"]
[WhiteFideId "14111330"]
[BlackFideId "1106619"]
[EventDate "2012.12.14"]

1. e4 e6 2. d4 d5 3. Nc3 Nf6 4. Bg5 Bb4 5. e5 h6 6. Be3 Ne4 7. a3 Bxc3+ 8. bxc3
c5 9. Bd3 Nxc3 10. Qg4 g6 11. dxc5 Nc6 12. Nf3 Qa5 13. O-O Qa4 14. Qxa4 Nxa4 15.
Bb5 Nc3 16. a4 Bd7 17. Ra3 Ne4 18. Bxc6 Bxc6 19. Nd4 Rc8 20. Rb1 O-O 21. Nxc6
Rxc6 22. Rxb7 Nxc5 23. Rxa7 Rb8 24. g3 Ne4 25. Rb3 Rd8 26. Rbb7 Rxc2 27. Rxf7 g5
28. Rg7+ Kh8 29. Bb6 Rdc8 30. a5 g4 31. Rh7+ Kg8 32. Rag7+ Kf8 33. Rxg4 Ng5 34.
Rxh6 Nf3+ 35. Kg2 Nxe5 36. Rf4+ Ke7 37. a6 Nc4 38. Rff6 Rc6 39. Bd4 Rxa6 40.
Bc5+ Kd7 41. Rf7+ Kc6 42. Rxe6+ Kb5 43. Rb7+ Kxc5 44. Rxa6 d4 45. Rd7 Rd2 46.
Ra8 Nb6 47. Ra5+ Kb4 48. Rda7 d3 49. Ra2 Rc2 50. Ra1 Nc4 51. Rd7 Kc3 52. h4 Ne3+
53. Kf3 Nc4 54. Rd5 Re2 55. Rd1 Ne5+ 56. Kg2 Kc2 57. Ra1 d2 58. Ra2+ Kc3 59.
Raxd2 1-0

[Event "SportAccord Rapid Women 2012"]
[Site "Beijing CHN"]
[Date "2012.12.15"]
[Round "7.4"]
[White "Cramling, Pia"]
[Black "Hou, Yifan"]
[Result "0-1"]
[WhiteTitle "GM"]
[BlackTitle "GM"]
[WhiteElo "2516"]
[BlackElo "2606"]
[WhiteFideId "1700030"]
[BlackFideId "8602980"]
[EventDate "2012.12.14"]

1. d4 Nf6 2. Nf3 e6 3. c4 c5 4. e3 g6 5. Nc3 Bg7 6. Be2 O-O 7. O-O b6 8. b3 Bb7
9. Bb2 Qe7 10. Qc2 d6 11. Rad1 a6 12. Rfe1 Nbd7 13. Nd2 cxd4 14. exd4 Rac8 15.
Qb1 Nb8 16. Bf3 Bxf3 17. Nxf3 Qb7 18. d5 e5 19. a4 Nbd7 20. Nd2 Ne8 21. Nde4 h6
22. f3 f5 23. Nf2 Nc5 24. Ba1 Nf6 25. Rc1 Kh7 26. Nd3 Nxd3 27. Qxd3 Nd7 28. Qe2
Qc7 29. Kh1 h5 30. Na2 Bh6 31. Rc3 a5 32. Bb2 Rce8 33. Bc1 Bg7 34. Re3 Nc5 35.
Qc2 e4 36. fxe4 fxe4 37. R3e2 Nd3 38. Be3 Nxe1 39. Rxe1 Rf5 40. Kg1 Rxd5 41. Nc3
Rf5 42. Nb5 Qd8 43. Qd2 Be5 44. Nd4 Rf7 45. Nc6 Qf6 46. Nxe5 dxe5 47. Qd5 Ref8
48. h3 Rd8 49. Qxe4 Qd6 50. Kh2 Rdd7 51. Kg1 Qb4 52. Rb1 Qd6 53. Re1 Rf5 54. Rb1
Rdf7 55. Re1 Qf6 56. Kh2 Qd6 57. Kg1 Rc7 58. Kh2 Qc6 59. Qxc6 Rxc6 60. Rd1 Rff6
61. Rd7+ Kg8 62. Bh6 Rf7 63. Rd8+ Kh7 64. Be3 Kg7 65. Rd5 Re7 66. Bg5 Ree6 67.
Rd7+ Kf8 68. Rd8+ Re8 69. Rd7 e4 70. Bh6+ Kg8 71. Be3 Ree6 72. Rd8+ Kf7 73. Rd7+
Ke8 74. Ra7 Red6 75. c5 bxc5 76. Rxa5 Rd3 77. Bxc5 Re6 78. Ra8+ Kd7 79. Ra7+ Kc8
80. a5 e3 81. a6 e2 82. Ra8+ Kc7 83. a7 e1=Q 84. Rc8+ Kxc8 85. a8=Q+ Kc7 86.
Qa7+ Kc6 87. Qa6+ Kxc5 88. Qc4+ Kb6 0-1

[Event "SportAccord Rapid Women 2012"]
[Site "Beijing CHN"]
[Date "2012.12.15"]
[Round "7.7"]
[White "Khotenashvili, Bela"]
[Black "Danielian, Elina"]
[Result "0-1"]
[WhiteTitle "IM"]
[BlackTitle "GM"]
[WhiteElo "2504"]
[BlackElo "2476"]
[WhiteFideId "13602640"]
[BlackFideId "13300210"]
[EventDate "2012.12.14"]

1. d4 Nf6 2. Nf3 e6 3. g3 c5 4. Bg2 cxd4 5. Nxd4 a6 6. c4 Be7 7. O-O O-O 8. Nc3
d6 9. b3 Qc7 10. Bb2 Nc6 11. Rc1 Nxd4 12. Qxd4 Bd7 13. Rfd1 Rfd8 14. h3 Rac8 15.
g4 h6 16. b4 Qb8 17. Ne4 Bc6 18. Ng3 Bxg2 19. Kxg2 b5 20. e4 Qb7 21. cxb5 axb5
22. a3 Rxc1 23. Rxc1 d5 24. e5 Nd7 25. Ne2 Nb6 26. Rc3 Nc4 27. Rd3 Rc8 28. f4
Bd8 29. Bc1 Bb6 30. Qa1 d4+ 31. Kf2 Qh1 32. Qa2 Ne3 33. Bxe3 dxe3+ 34. Kg3 Qe1+
35. Kg2 Qf2+ 36. Kh1 Rc1+ 37. Nxc1 Qxa2 38. Nxa2 e2 0-1